| 000 | 00542nam a22001937a 4500 | ||
|---|---|---|---|
| 003 | OSt | ||
| 005 | 20140310182832.0 | ||
| 008 | 130603t xxu||||| |||| 00| 0 eng d | ||
| 020 | _a1891279025 | ||
| 050 |
_aHF 5548 _b.H453 1999 |
||
| 082 |
_aM 381.142 _bH35 1999 |
||
| 245 |
_aDream-Biz.com : _bDesign your future and live your dreams in e-Economy / _cHedges, Burke |
||
| 260 |
_aU.S.A : _bINTI Publishing, _c1999 |
||
| 521 | _acollege students | ||
| 526 | _c1210L-1700L | ||
| 541 | _j1 | ||
| 562 | _e1 | ||
| 942 |
_2lcc _cBK _kM |
||
| 999 |
_c16656 _d16656 |
||